=LDR 00000nam 2200000 4500 =001 INLIS000000000025611 =005 20130612124115 =008 ***********************************Ind** =035 ##$$0010-061300000025611 =041 ##$$a Ind =082 ##$$a 400 =090 ##$$a 400, Sam a =100 ##$$a sampson, Geoffery =245 ##$$a Aliran - aliran linguistik, Gepofery Samson =260 ##$$a 1996 $b Surabaya =300 ##$$a 177 hlm, ilus, 15 cm =650 ##$$a Linguistik =850 ##$$a NBPNMAT